25 years of selected writings : (Record no. 63720)

MARC details
000 -LEADER
fixed length control field 00540nam a22001577a 4500
005 - DATE AND TIME OF LATEST TRANSACTION
control field 20120303131833.0
020 ## - INTERNATIONAL STANDARD BOOK NUMBER
Terms of availability 00.00
035 ## - SYSTEM CONTROL NUMBER
System control number B-11541
037 ## - SOURCE OF ACQUISITION
Stock number DPL
Source of stock number/acquisition ENG
100 ## - MAIN ENTRY--PERSONAL NAME
Personal name Mehta, Vinod
245 ## - TITLE STATEMENT
Title 25 years of selected writings :
Remainder of title Mr. Editor, how close are you to the PM /
Statement of responsibility, etc by Vinod Mehta
260 ## - PUBLICATION, DISTRIBUTION, ETC. (IMPRINT)
Place of publication, distribution, etc Delhi
Name of publisher, distributor, etc Konark Publishers Pvt. Ltd.
Date of publication, distribution, etc 1999
300 ## - PHYSICAL DESCRIPTION
Extent xxvi, 239p.
Dimensions 20 cms.
942 ## - ADDED ENTRY ELEMENTS (KOHA)
Source of classification or shelving scheme Dewey Decimal Classification
Item type English Books
Classification part 080
Call number suffix MEH
Holdings
Withdrawn status Lost status Not for loan Collection code Home library Current library Date acquired Cost, normal purchase price Full call number Barcode Cost, replacement price Koha item type
      Non-fiction Sarojini Nagar Sarojini Nagar 03/03/2012 0.00 080 MEH B-11541 0.00 English Books

© Delhi Public Library
Hit Counter
free hit counter